000 00387 a2200145 4500
999 _c5061
_d5061
020 _a9781408520277
050 _aPZ7 HIG 2013
100 _aHiggins, F E
_eauthor
245 _aThe lunatic's curse /
_cF E Higgins
264 _aCheltenham :
_bNelson Thornes,
_c2013
300 _aix. 269pg . :
500 _aa short story
650 _aThe lunatic's curse
942 _2lcc
_cBK
_h7
_iHIG
_kPZ